banner-ar

التنظير السوسيولوجي للدولة و المجتمع : (Record no. 62514)

MARC details
000 -الفاتح
حقل البيانات ثابتة الطول 01155nam a22002537a 4500
005 - وقت وتاريخ اخر تعامل مع التسجيلة
رقم الضبط 20240530110554.0
008 - عناصر البيانات ثابتة الطول - معلومات عامة
حقل البيانات ثابتة الطول 160730s2014 ua ||||g b 00| 0 ara d
017 ## - رقم الايداع القانونى
رقم الايداع القانونى 2012/22639
المصدر ( الهيئة المختصة) مصر. دار الكتب الوطنية
020 ## - الرقم الدولى المعيارى للكتب
الرقم الدولى المعيارى للكتاب 9789773832678
040 ## - مصدر الفهرسة
وكالة الفهرسة الأصلية EG-CaGPL
082 04 - رقم تصنيف ديوى العشرى
رقم التصنيف 306.2/
رقم المادة م ت
رقم الطبعة 21
100 0# - المدخل الرئيسى - إسم شخصى
الإسم الشخصى مشحن زيد محمد التميمي.
245 12 - بيان العنوان
العنوان التنظير السوسيولوجي للدولة و المجتمع :
بقية العنوان دراسة لاجهزة الدولة الايديولوجية من 1958-2007 /
بيان المسئوليه,etc تأليف مشحن زيد محمد التميمي ؛ قدم له احمد عبد الله زايد.
250 ## - بيان الطبعة
بيان الطبعة ط. 1.
260 ## - PUBLICATION, DISTRIBUTION, ETC. (IMPRINT)
تاريخ النشر أو التوزيع 2014.
300 ## - الوصف المادى
التعداد 350 ص. ؛
أبعاد الوعاء 24 سم.
504 ## - تبصرة ببليوجرافية
تبصرة ببليوجرافية,الخ ببليوجرافية : ص. 323-348.
650 04 - المدخل الاضافى بالموضوع-مصطلح موضوعى
مصطلح موضوعي الاجتماع السياسي، علم
650 04 - المدخل الاضافى بالموضوع-مصطلح موضوعى
مصطلح موضوعي الايديولوجيا
650 04 - المدخل الاضافى بالموضوع-مصطلح موضوعى
مصطلح موضوعي الدولة
التقسيم الفرعي العام علاقتها بالافراد والجماعات
700 0# - المدخل الاضافى - اسم شخصى
الإسم الشخصى احمد عبد الله زايد
الدور مقدم.
942 ## - عناصر المدخل الإضافي( كوها)
مصدر التصنيف او مخطط الترفيف Dewey Decimal Classification
Koha [default] item type كتاب
260 ## - PUBLICATION, DISTRIBUTION, ETC. (IMPRINT)
-- القاهرة :
-- ايتراك للطباعة والنشر والتوزيع،
Holdings
حالة التراجع حالة الفقد حالة تلف ليس للاعارة المكان المؤقت الموقع الحالى تاريخ الاكتساب اجمالي اﻻعارات رقم الطلب الباركود تاريخ اخر مشاهدة تاريخ تفعيل السعر نوع وعاء كوها
        مكتبة القاهرة الكبرى مكتبة القاهرة الكبرى 07/30/2016   306.2/ م ت 162272 07/30/2016 07/30/2016 كتاب

Powered By

EGPV